书目信息 |
| 题名: |
振兴乡村旅游理论与实践
|
|
| 作者: | 赵泉根, , 宋炬钢 , 陈韬 著 | |
| 分册: | ||
| 出版信息: | 徐州 中国矿业大学出版社 2018.12 |
|
| 页数: | 302页 | |
| 开本: | 25cm | |
| 丛书名: | 朗宁学术 | |
| 单 册: | ||
| 中图分类: | F592.3 | |
| 科图分类: | ||
| 主题词: | 乡村旅游--xiang cun lu^ you--旅游业发展--研究--中国 | |
| 电子资源: | ||
| ISBN: | 978-7-5646-4264-8 | |
| 000 | 01553nam 2200337 450 | |
| 001 | 202019136000 | |
| 005 | 20191026133320.0 | |
| 010 | @a978-7-5646-4264-8@b精装@dCNY98.00 | |
| 100 | @a20191015d2018 em y0chiy50 ea | |
| 101 | 0 | @achi |
| 102 | @aCN@b320000 | |
| 105 | @aak a 000yy | |
| 106 | @ar | |
| 200 | 1 | @a振兴乡村旅游理论与实践@Azhen xing xiang cun lu^ you li lun yu shi jian@f赵泉根, 宋炬钢, 陈韬著 |
| 210 | @a徐州@c中国矿业大学出版社@d2018.12 | |
| 215 | @a302页@c图@d25cm | |
| 225 | 2 | @a朗宁学术@Alang ning xue shu |
| 300 | @a湖南省岳阳市乡村发展研究中心成果 湖南省社会科学成果评审委员会课题 (XSP19YBC245) 成果 | |
| 312 | @a英文题名取自封面 | |
| 314 | @a赵泉根, 生于1965年, 湖南平江人, 湖南理工学院副教授。 | |
| 320 | @a有书目 (第297-300页) | |
| 330 | @a本书系统阐述了新时代乡村旅游的概念、本质等理论, 在回溯乡村旅游发展历程的基础上, 深入剖析了乡土文化与乡村文化旅游资源的开发、乡村旅游资源的保护与开发, 详细阐述了新时代乡村旅游规划与发展战略、乡村旅游形象设计研究、乡村旅游产品开发与营销策略、乡村旅游产业发展与运营管理, 深入研究了乡村振兴战略下乡村旅游发展、乡村旅游可持续发展的相关理论, 并在理论指导下用相关案例进行了有益的实践探索。 | |
| 410 | 0 | @12001 @a朗宁学术 |
| 510 | 1 | @aTheory and practice of vitalizing rural tourism@zeng |
| 606 | 0 | @a乡村旅游@Axiang cun lu^ you@x旅游业发展@x研究@y中国 |
| 690 | @aF592.3@v5 | |
| 701 | 0 | @a赵泉根,@Azhao quan gen@f1965-@4著 |
| 701 | 0 | @a宋炬钢@Asong ju gang@4著 |
| 701 | 0 | @a陈韬@Achen tao@4著 |
| 801 | 0 | @aCN@c20190905 |
| 905 | @a河南城建学院图书馆@dF592.3@eZ311 | |
| 振兴乡村旅游理论与实践/赵泉根, 宋炬钢, 陈韬著.-徐州:中国矿业大学出版社,2018.12 |
| 302页:图;25cm.-(朗宁学术) |
| 湖南省岳阳市乡村发展研究中心成果 湖南省社会科学成果评审委员会课题 (XSP19YBC245) 成果 |
| ISBN 978-7-5646-4264-8(精装):CNY98.00 |
| 本书系统阐述了新时代乡村旅游的概念、本质等理论, 在回溯乡村旅游发展历程的基础上, 深入剖析了乡土文化与乡村文化旅游资源的开发、乡村旅游资源的保护与开发, 详细阐述了新时代乡村旅游规划与发展战略、乡村旅游形象设计研究、乡村旅游产品开发与营销策略、乡村旅游产业发展与运营管理, 深入研究了乡村振兴战略下乡村旅游发展、乡村旅游可持续发展的相关理论, 并在理论指导下用相关案例进行了有益的实践探索。 |
| ● |
| 相关链接 |
|
|
|
正题名:振兴乡村旅游理论与实践
索取号:F592.3/Z311
 
预约/预借
| 序号 | 登录号 | 条形码 | 馆藏地/架位号 | 状态 | 备注 |
| 1 | 1444923 | 214449239 | 社科库409/409社科库 39排7列2层/ [索取号:F592.3/Z311] | 在馆 | |
| 2 | 1444924 | 214449248 | 社科库409/409社科库 39排7列2层/ [索取号:F592.3/Z311] | 在馆 |